00626nam a2200229 a 4500001001300000003000900013005001700022008004100039020001000080082001300090100002100103245001800124260004100142300000800183500003500191505001000226650001900236902000800255942000700263952011300270999001300383nice12345678IN_TiNIC20260116011300.0050524s1951 lona grp 000 0 eng  ac10000a241bQUE aQuell, Gottfried aRighteousness aLondonbAdam and Charles Blackc1951 a82p aincludes index and biblioraphy2 aIndex aTheology-Moral bSRS cBK 001040708StackRoom-aHMIbHMId2007-06-29g100.00l0o241 QUEp01801r2007-06-29v100.00w2005-05-24yBK c154d154